Z Archiwum Polskiego Beatu vol. 2 (Lp Sx 2199) (Record n. 102485)

Dettagli MARC
000 -LEADER
fixed length control field 03090njm a2200493Ia 4500
001 - CONTROL NUMBER
control field 73196
003 - CONTROL NUMBER IDENTIFIER
control field IT-RoPAU
005 - DATE AND TIME OF LATEST TRANSACTION
control field 20220918181155.0
008 - FIXED-LENGTH DATA ELEMENTS--GENERAL INFORMATION
fixed length control field 131025s9999 xx 000 0 und d
040 ## - CATALOGING SOURCE
Original cataloging agency IT-RoPAU
040 ## - CATALOGING SOURCE
Transcribing agency IT-RoPAU
041 ## - LANGUAGE CODE
Language code of text/sound track or separate title POLACCO
999 ## - SYSTEM CONTROL NUMBERS (KOHA)
Koha Dewey Subclass [OBSOLETE] n.d.
100 ## - MAIN ENTRY--PERSONAL NAME
Personal name AA.VV.
9 (RLIN) 794
100 ## - MAIN ENTRY--PERSONAL NAME
Relator term Autore musica
9 (RLIN) 24744
100 ## - MAIN ENTRY--PERSONAL NAME
Miscellaneous information Codice autore musica SPICS: 12000
9 (RLIN) 796
245 ## - TITLE STATEMENT
Title Z Archiwum Polskiego Beatu vol. 2 (Lp Sx 2199)
250 ## - EDITION STATEMENT
Edition statement 1a ed.
260 ## - PUBLICATION, DISTRIBUTION, ETC. (IMPRINT)
Place of publication, distribution, etc. POLONIA
260 ## - PUBLICATION, DISTRIBUTION, ETC. (IMPRINT)
Name of publisher, distributor, etc. MUZA
Date of publication, distribution, etc. 1987 [1a Ed.:1966 - Ed. Lingua Orig.: 1966]
300 ## - PHYSICAL DESCRIPTION
Extent DISCO
500 ## - GENERAL NOTE
General note Musica leggera polacca. Canzone polacca.
505 ## - FORMATTED CONTENTS NOTE
Formatted contents note Siedemnascie Milionow - Milosc Sprzed Lat - To Nie Moja Wina - Cyganska Wrozba - Nie O Tobie Dzisiaj Mysle - Wilhelm Tell Beat - Kwiatki - Bedziesz Tylko W Tej Piosence - Badz Powazny Choc Raz - Troche Dobrze, Troche Zle - Pozwolcie Spiewac Ptakom - Big Beatland
511 ## - PARTICIPANT OR PERFORMER NOTE
Participant or performer note Czerwono-Czarni
650 ## - SUBJECT ADDED ENTRY--TOPICAL TERM
Topical term or geographic name as entry element MUSICA POLACCA [DISCHI]
Relator term Codice MATERIA SPICS: 9950
9 (RLIN) 24745
700 ## - ADDED ENTRY--PERSONAL NAME
Personal name Kacperski W.
Dates associated with a name Codice autore musica SPICS: 25432
Relator term Autore musica
Name of part/section of a work Siedemnascie Milionow
9 (RLIN) 24746
700 ## - ADDED ENTRY--PERSONAL NAME
Personal name Miller J.
Dates associated with a name Codice autore testo/musica SPICS: 25498
Relator term Autore testo/musica
Name of part/section of a work Siedemnascie Milionow
9 (RLIN) 24747
700 ## - ADDED ENTRY--PERSONAL NAME
Personal name Skorupka A.
Dates associated with a name Codice autore musica SPICS: 25433
Relator term Autore musica
Name of part/section of a work Milosc Sprzed Lat
9 (RLIN) 24748
700 ## - ADDED ENTRY--PERSONAL NAME
Personal name Dzikowski K.
Dates associated with a name Codice autore testo/musica SPICS: 25190
Relator term Autore testo/musica
Name of part/section of a work Milosc Sprzed Lat - Bedziesz Tylko W Tej Piosence - Badz Powazny Choc Raz - Troche Dobrze, Troche Zle - Big Beatland
9 (RLIN) 24749
700 ## - ADDED ENTRY--PERSONAL NAME
Personal name Poznakowski R.
Dates associated with a name Codice autore musica SPICS: 25103
Relator term Autore musica
Name of part/section of a work To Nie Moja Wina - Pozwolcie Spiewac Ptakom
9 (RLIN) 24750
700 ## - ADDED ENTRY--PERSONAL NAME
Personal name Winkler K.
Dates associated with a name Codice autore testo/musica SPICS: 25189
Relator term Autore testo/musica
Name of part/section of a work To Nie Moja Wina
9 (RLIN) 24751
700 ## - ADDED ENTRY--PERSONAL NAME
Personal name Lech J.
Dates associated with a name Codice autore musica SPICS: 25434
Relator term Autore musica
Name of part/section of a work Cyganska Wrozba
9 (RLIN) 24752
700 ## - ADDED ENTRY--PERSONAL NAME
Personal name Karszowa M.
Dates associated with a name Codice autore testo/musica SPICS: 25521
Relator term Autore testo/musica
Name of part/section of a work Cyganska Wrozba
9 (RLIN) 24753
700 ## - ADDED ENTRY--PERSONAL NAME
Personal name Maga K.
Dates associated with a name Codice autore musica SPICS: 25435
Relator term Autore musica
Name of part/section of a work Nie O Tobie Dzisiaj Mysle - Bedziesz Tylko W Tej Piosence
9 (RLIN) 24754
700 ## - ADDED ENTRY--PERSONAL NAME
Personal name Kondratowicz J.
Dates associated with a name Codice autore testo/musica SPICS: 25196
Relator term Autore testo/musica
Name of part/section of a work Nie O Tobie Dzisiaj Mysle - Pozwolcie Spiewac Ptakom
9 (RLIN) 24755
700 ## - ADDED ENTRY--PERSONAL NAME
Personal name Rossiniego G.
Dates associated with a name Codice autore musica SPICS: 25436
Relator term Autore musica
Name of part/section of a work Wilhelm Tell Beat
9 (RLIN) 24756
700 ## - ADDED ENTRY--PERSONAL NAME
Personal name Sobolewski A.
Dates associated with a name Codice autore musica SPICS: 25437
Relator term Autore musica
Name of part/section of a work Kwiatki
9 (RLIN) 24757
700 ## - ADDED ENTRY--PERSONAL NAME
Personal name Kania R.
Dates associated with a name Codice autore testo/musica SPICS: 25522
Relator term Autore testo/musica
Name of part/section of a work Kwiatki
9 (RLIN) 24758
700 ## - ADDED ENTRY--PERSONAL NAME
Personal name Kacperski W.
Dates associated with a name Codice autore musica SPICS: 25432
Relator term Autore musica
Name of part/section of a work Badz Powazny Choc Raz
9 (RLIN) 24759
700 ## - ADDED ENTRY--PERSONAL NAME
Personal name Winkler K.
Dates associated with a name Codice autore SPICS: 25189
Relator term Autore
Name of part/section of a work Badz Powazny Choc Raz - Big Beatland
9 (RLIN) 24760
700 ## - ADDED ENTRY--PERSONAL NAME
Personal name Zomerski H.
Dates associated with a name Codice autore musica SPICS: 25438
Relator term Autore musica
Name of part/section of a work Troche Dobrze, Troche Zle
9 (RLIN) 24761
700 ## - ADDED ENTRY--PERSONAL NAME
Personal name Klejne H.
Dates associated with a name Codice autore musica SPICS: 25439
Relator term Autore musica
Name of part/section of a work Big Beatland
9 (RLIN) 24762
942 ## - ADDED ENTRY ELEMENTS (KOHA)
Koha item type DISCHI
Source of classification or shelving scheme Dewey Decimal Classification
Dati di copia
Withdrawn status Lost status Damaged status Not for loan Home library Current library Date acquired Total Checkouts Full call number Date last seen Price effective from Koha item type Public note
    Buone Condizioni Not For Loan SPICS-MEDIATECA SPICS-MEDIATECA 25/10/2013   73196 25/10/2013 25/10/2013 DISCHI Progr. Ins.: 17529 / N.Vol.: 1 / Copie: 1 - Copia rara: n.d. / date import: 01.01.2014 - By Epidotti, Trombetti, Vaglietti
CREDITS: SOCIETA' SAN PAOLO Via A.Severo, 58 - ROMA (RM) & PERIODICI SAN PAOLO SRL Via Giotto, 36 MILANO & CISF Via Giotto, 36 MILANO & EDIZIONI SAN PAOLO SRL,  Piazza Soncino, 5 CINISELLO BALSAMO (MI) -- ITALY